00860nam a2200253 450000100060000000300080000600500170001400800410003103500230007203500190009503500170011404000270013104100080015808200280016611000580019424500810025225000170033326000440035030000320039449000720042665000230049883000110052183000740053210237BD-RjUL20211208234922.0140123s1938 ii ab f000 0 eng d a(OCoLC)ocm39755653 a(BD-RjUL)10285 a(NNC)2197615 aZCUcZCUbengdBD-RjUL aeng 219a338.17311bAGR 19381 aIndia.bOffice of the Agricultural Marketing Adviser.10aAgricultural marketing in India :breport on the marketing of wheat in India aAbridged ed. aDelhi:bManager of Publications,c1937, axiv, 451p. :bill ;c24 cm.1 aIndia. Central Agricultural Marketing Dept. Marketing series,vno.4 aWheat x Marketing 0vno. 4. 0aMarketing series (India. Central Agricultural Marketing Department) ;